| 000 | 02011cam a22005057a 4500 | ||
|---|---|---|---|
| 001 | 10049 | ||
| 003 | FISKH | ||
| 005 | 20260401154114.0 | ||
| 008 | 131120s2014 nyuaf j 000 1 eng d | ||
| 010 | _a 2013955930 | ||
| 020 |
_a9781423197584 _qpbk. |
||
| 020 |
_a1423197585 _qpbk. |
||
| 035 | _a17948890 | ||
| 035 | _a(OCoLC)855905147 | ||
| 040 |
_aYDXCP _cYDXCP _dBTCTA _dBDX _dIEP _dCO2 _dOCLCO _dOCLCF _dDLC |
||
| 050 | 0 | 0 |
_aPZ7.C161664 _bAm 2014 |
| 082 | _a813.6 | ||
| 100 | 1 | _aCandau, Brittany. | |
| 245 | 1 | 0 |
_aAmazing Spider-Man 2 / _cadapted by Brittany Candau and Nachie Marsham. |
| 246 | 3 | _aAmazing Spider-Man two | |
| 260 |
_aNew York : _bMarvel, _c2014 |
||
| 300 |
_a135 pages : _bcolor illustrations ; _c20 cm |
||
| 500 | _a"Includes two bookmarks!"--Front cover. | ||
| 500 | _aBased on the screenplay by Alex Kurtzman & Roberto Orci & Jeff Pinkner ; produced by Avi Arad & Matt Tolmach ; directed by Marc Webb. | ||
| 505 | _aR | ||
| 520 | _aPeter Parker runs the gauntlet as the mysterious company Oscorp sends up a slew of supervillains against him, impacting on his life. | ||
| 521 | 8 |
_a710
_bLexile |
|
| 521 | 8 |
_aR
_bRaz-Plus |
|
| 600 | 0 | 0 |
_aSpider-Man _c(Fictitious character) _vJuvenile fiction. |
| 650 | 0 |
_aHeroes _vJuvenile fiction. |
|
| 650 | 0 |
_aGood and evil _vJuvenile fiction. |
|
| 650 | 0 |
_aFilm novelizations _vJuvenile fiction. |
|
| 650 | 7 |
_aFilm novelizations. _2fast _0(OCoLC)fst00924276 |
|
| 650 | 7 |
_aGood and evil. _2fast _0(OCoLC)fst00944894 |
|
| 650 | 7 |
_aHeroes. _2fast _0(OCoLC)fst00955558 |
|
| 650 | 7 |
_aSpider-Man (Fictitious character) _2fast _0(OCoLC)fst01129748 |
|
| 655 | 7 |
_aFiction. _2fast _0(OCoLC)fst01423787 |
|
| 655 | 7 |
_aJuvenile works. _2fast _0(OCoLC)fst01411637 |
|
| 655 | 7 |
_aFiction. _2lcgft _0https://id.loc.gov/authorities/genreForms/gf2014026339 |
|
| 700 | 1 |
_aMarsham, Nachie. _eAdapter |
|
| 730 | 0 | 2 | _aSpider-Man 2 (Motion picture) |
| 906 |
_a7 _bcbc _ccopycat _d2 _encip _f20 _gy-gencatlg |
||
| 942 |
_2ddc _cBK _n0 |
||
| 999 |
_c10049 _d10049 |
||